| 000 | 00988cpcaa2200265 4500 | ||
|---|---|---|---|
| 001 | mm 79000138 | ||
| 003 | DLC | ||
| 005 | 20260227111628.0 | ||
| 008 | 790509|||||||||||| eng | ||
| 010 | _amm 79000138 | ||
| 040 |
_aDLC _cDLC _edacs _dDLC |
||
| 072 | 7 |
_aW _2lcmd |
|
| 100 | 1 |
_aBate, William B. _q(William Brimage), _d1826-1905. |
|
| 245 | 0 | 0 |
_aWilliam B. Bate correspondence, _f1900. |
| 300 |
_a1 _fitem. |
||
| 506 | 0 | _aOpen to research. | |
| 545 | 0 | _aU.S. senator from and governor of Tennessee, and Confederate army officer. | |
| 546 | _aCollection material in English. | ||
| 580 | _aForms part of: Miscellaneous Manuscripts collection. | ||
| 656 | 7 |
_aArmy officers, Confederate. _2itoamc |
|
| 656 | 7 |
_aGovernors _zTennessee. _2itoamc |
|
| 656 | 7 |
_aSenators, U.S. Congress _zTennessee. _2itoamc |
|
| 999 |
_c40144 _d40144 |
||